| 000 | 00677nam a22002537a 4500 | ||
|---|---|---|---|
| 003 | URS | ||
| 005 | 20250828100457.0 | ||
| 008 | 250318b ||||| |||| 00| 0 eng d | ||
| 020 | _a0205167225 | ||
| 040 | _cURS | ||
| 050 |
_aLB1025.3 _b.F881 1996 |
||
| 100 |
_911382 _aFreiberg, Jerome H. |
||
| 245 | _aUniversal Teaching Strategies | ||
| 250 | _a2nd Edition | ||
| 264 |
_aBoston _bAlly and Bacon _c©1996 |
||
| 300 |
_a456 pages.,: _c24 cm. |
||
| 336 |
_2rdacontent _atext |
||
| 337 |
_2rdamedia _aunmediated |
||
| 338 |
_2rdacarrier _avolume |
||
| 650 | 0 |
_91547 _aClassroom management |
|
| 650 | 0 |
_91376 _aTeaching |
|
| 700 |
_911383 _aDriscoll, Amy |
||
| 942 |
_2lcc _cR |
||
| 999 |
_c84777 _d84775 |
||